Boletín CIDAMO /
Guardat en:
| Autor corporatiu: | |
|---|---|
| Format: | Llibre |
| Idioma: | Spanish |
| Publicat: |
México D.F:
Centro de Información y Análisis Movimiento Obrero Latinoamericano
|
| Matèries: | |
| Etiquetes: |
Afegir etiqueta
Sense etiquetes, Sigues el primer a etiquetar aquest registre!
|
MARC
| LEADER | 00000nam a22000007a 4500 | ||
|---|---|---|---|
| 003 | cru CIDCACS/IIS | ||
| 005 | 20201113125528.0 | ||
| 008 | 201113n -us|||p|r||||||0| ||spa|d | ||
| 999 | |c 43511 |d 43511 | ||
| 040 | |c CRAI/IIS | ||
| 090 | |a REV0080 | ||
| 110 | 2 | |9 9735 |a Centro de Información y Análisis Movimiento Obrero Latinoamericano | |
| 245 | 1 | |a Boletín CIDAMO / |c Centro de Información y Análisis Movimiento Obrero Latinoamericano | |
| 260 | |a México D.F: |b Centro de Información y Análisis Movimiento Obrero Latinoamericano | ||
| 270 | |e Apdo. 21-132, México 21, D.F. | ||
| 500 | |a EXISTENCIAS : 1981 2 (4-8) PERIODICIDAD : Bimestral | ||
| 650 | 0 | |9 3 |a MOVIMIENTOS SOCIALES | |
| 650 | 0 | |9 7 |a SINDICATOS | |
| 650 | 4 | |9 3244 |a LUCHA DE CLASES | |
| 651 | 0 | |9 17 |a AMERICA LATINA | |
| 942 | |2 ddc |c PP | ||
